Quiz wielokrotnego wyboru - waluty świata - wersja losowa - Statystyki

Ogólne statystyki
  • Ten quiz został rozwiązany 40 razy
  • Średni wynik to 7 z 10
Statystyki odpowiedzi
Zagadnienie Odpowiedź % Poprawnych
Jaka jest waluta Grecji? Euro
100%
Jaka jest waluta Szwecji? Korona
100%
Jaka jest waluta Albanii? Lek
100%
Jaka jest waluta Sierry Leone? Leone
100%
Jaka jest waluta Turcji? Lira
100%
Jaka jest waluta Bhutanu? Ngultrum
100%
Jaka jest waluta Rosji? Rubel
100%
Jaka jest waluta Polski? Złoty
100%
Jaka jest waluta Republiki Południowej Afryki? Rand
92%
Jaka jest waluta Brazylii? Real
90%
Jaka jest waluta Indii? Rupia
89%
Jaka jest waluta Zjednoczonych Emiratów Arabskich? Dirham
88%
Jaka jest waluta Izraela? Szekel
88%
Jaka jest waluta Norwegii? Korona
83%
Jaka jest waluta Słowacji? Euro
80%
Jak jest waluta Wenezueli? Boliwar
78%
Jaka jest waluta Andory? Euro
78%
Jaka jest waluta Indonezji? Rupia
75%
Jaka jest waluta Paragwaju? Guarani
71%
Jaka jest waluta Boliwii? Boliviano
70%
Jaka jest waluta Bangladeszu? Taka
69%
Jaka jest waluta Rumunii? Lej
64%
Jaka jest waluta Arabii Saudyjskiej? Rial
63%
Jaka jest waluta Peru? Sol
63%
Jaka jest waluta Korei Północnej? Won
60%
Jaka jest waluta Tanzanii? Szyling
58%
Jaka jest waluta Malezji? Ringgit
57%
Jaka jest waluta Kazachstanu? Tenge
57%
Jaka jest waluta Mongolii? Tugrik
56%
Jaka jest waluta Nigerii? Naira
55%
Jaka jest waluta Papui Nowej Gwinei? Kina
45%
Jaka jest waluta Wybrzeża Kości Słoniowej? Frank
44%
Jaka jest waluta Angoli? Kwanza
44%
Jaka jest waluta Zambii? Kwacha
11%
Jaka jest waluta Zimbabwe? Gold
10%
Nie znaleziono quizów pasujących do podanych kryteriów
Rozkład punktacji
Procent ludzi z każdym wynikiem
Percentyl według liczby udzielonych odpowiedzi
Twoja historia wyników
Nie rozwiązałeś tego quizu